Effect of axial deformation on behaviour of frame-cone wall building /
Saved in:
| Main Author: | |
|---|---|
| Format: | Thesis Book |
| Language: | English |
| Published: |
1986.
|
| Subjects: | |
| Tags: |
Add Tag
No Tags, Be the first to tag this record!
|
| LEADER | 00851cam a2200253 4500 | ||
|---|---|---|---|
| 001 | u52643 | ||
| 003 | SIRSI | ||
| 008 | 871222s1986 si v 0 eng | ||
| 015 | |a X870081508 | ||
| 035 | |a AAF-6603 | ||
| 040 | |a UMM | ||
| 050 | 1 | |a TA660.F73 | |
| 090 | 0 | 0 | |a TA660 |b F73Sit |
| 100 | 0 | 0 | |a Sitthichai Piriyakoontorn |
| 245 | 1 | 0 | |a Effect of axial deformation on behaviour of frame-cone wall building / |c by Sitthichai Piriyakoontorn |
| 260 | |c 1986. | ||
| 300 | |a vii, 69 leaves : |b ill. ; |c 30cm | ||
| 502 | |a Dissertation (M.Sc.) -- National University of Singapore, 1986. | ||
| 504 | 0 | 0 | |a Bibliography: leaves 34-37 |
| 650 | 0 | |a Structural frames |x Design and construction |x Standards |z Europe | |
| 650 | 0 | |a Tall buildings | |
| 948 | |a 16/03/1991 |b 28/08/2002 | ||
| 596 | |a 1 | ||
| 999 | |a TA660 F73SIT |w LC |c 1 |i A010357983 |l STACKS |m P01UTAMA |r Y |s Y |t TESIS |u 19/2/1992 | ||
